| 000 | 01848cam a2200601 c 4500 | ||
|---|---|---|---|
| 001 | a5341424 | ||
| 003 | PE-LiUPU | ||
| 005 | 20250731170408.0 | ||
| 005 | 20130516 | ||
| 008 | 130422s2013 sp | |||| 000 0 spa | ||
| 015 | _aMON1305 | ||
| 017 |
_aM 6800-2013 _bOficina Depósito Legal Madrid |
||
| 020 | _a9788428825641 | ||
| 035 | _a(Sirsi) i9788428825641 | ||
| 035 | _a(Sirsi) 52104 | ||
| 035 | _a(OCoLC)864203219 | ||
| 040 |
_aSpMaBN _bspa _cSpMaBN |
||
| 082 | 0 | 4 |
_a155.67 _bB39 |
| 100 | 1 |
_aBermejo, José Carlos _d1963- |
|
| 245 | 1 | 0 |
_aSoy mayor : _bpensamientos para regalar / _cJosé Carlos Bermejo. |
| 250 | _aNueva edición aumentada. | ||
| 264 | 1 |
_aBoadilla del Monte, Madrid : _bPPC, _c2013. |
|
| 300 |
_a121 páginas ; _c20 cm |
||
| 505 | 0 | _aSoledad. Recordar sanamente. Edad de la ternura. Vivir el presente. Enfermedad y dependencia. Familia. Proximidad del fin: tiempo para la esperanza. Vivir saludablemente. Ancianidad bienaventurada. | |
| 526 | _aSEG68 | ||
| 526 | _aSEG70 | ||
| 526 | _aSEG69 | ||
| 526 | _aSEG67 | ||
| 526 | _aSEG43 | ||
| 526 | _aP144 | ||
| 526 | _aP143 | ||
| 526 | _aP131 | ||
| 526 | _aP122 | ||
| 526 | _aP120 | ||
| 526 | _aP117 | ||
| 526 | _aP112 | ||
| 526 | _aP110 | ||
| 526 | _aP106 | ||
| 526 | _aP101 | ||
| 526 | _aP80 | ||
| 526 | _aP59 | ||
| 526 | _aP54 | ||
| 526 | _aP35 | ||
| 526 | _aP33 | ||
| 526 | _aP30 | ||
| 650 | 7 |
_aAncianos _xPsicología. |
|
| 650 | 7 |
_aAncianos _xVida religiosa. |
|
| 650 | 7 |
_aAncianos _vCitas. |
|
| 942 |
_2ddc _cBOOK |
||
| 949 |
_a155.67 B39 _i69514 _lCCODEBUL1 _mBUL _tLIBRO _o.STAFF. Colección General |
||
| 596 | _a1 | ||
| 999 |
_a155.67 B39 _wDEWEY _c6043 _i69514 _d6043 _f2021-11-3 _g5 _lCCODEBUL1 _mBUL _p14.00 _q1 _r0 _sY _tBOOK _u2015-7-6 _xSALUD _PP35 _0COMPRA _o.STAFF. Colección General |
||
| 980 |
_81 _gALBERTO SANCHEZ Responsable de Automatización |
||